Political Study Of Pakistan (Record no. 62985)

000 -LEADER
fixed length control field 00496nam a22001937a 4500
003 - CONTROL NUMBER IDENTIFIER
control field NUST - PNEC
005 - DATE AND TIME OF LATEST TRANSACTION
control field 20170116180801.0
008 - FIXED-LENGTH DATA ELEMENTS--GENERAL INFORMATION
fixed length control field 150414b xxu||||| |||| 00| 0 eng d
020 ## - INTERNATIONAL STANDARD BOOK NUMBER
International Standard Book Number -
040 ## - CATALOGING SOURCE
Transcribing agency LIBRARY
082 ## - DEWEY DECIMAL CLASSIFICATION NUMBER
Classification number 320.95 SAF
100 ## - MAIN ENTRY--PERSONAL NAME
9 (RLIN) 2570
Personal name Mahmood Safdar
245 ## - TITLE STATEMENT
Title Political Study Of Pakistan
Statement of responsibility, etc. Safdar Mahmood
250 ## - EDITION STATEMENT
Edition statement 1st ed
260 ## - PUBLICATION, DISTRIBUTION, ETC.
Place of publication, distribution, etc. lahhore
Name of publisher, distributor, etc. Educational Book Company
Date of publication, distribution, etc. c1984.
300 ## - PHYSICAL DESCRIPTION
Extent 263p. :
650 ## - SUBJECT ADDED ENTRY--TOPICAL TERM
9 (RLIN) 2571
Topical term or geographic name entry element Political
General subdivision General
942 ## - ADDED ENTRY ELEMENTS (KOHA)
Source of classification or shelving scheme
Koha item type Book
Holdings
Withdrawn status Lost status Source of classification or shelving scheme Damaged status Not for loan Permanent Location Current Location Shelving location Date acquired Source of acquisition Cost, normal purchase price Total Checkouts Full call number Barcode Date last seen Cost, replacement price Price effective from Koha item type
          Pakistan Navy Engineering College (PNEC) Pakistan Navy Engineering College (PNEC)   05/20/1985 Sasi Book Store 60.00   320.95 SAF PNECLIB-006382 04/14/2015 60.00 05/20/1985 Book
© 2023 Central Library, National University of Sciences and Technology. All Rights Reserved.